| 000 | 01870nam0a2200361 4500 | ||
|---|---|---|---|
| 001 | RU\NLR\bibl\1786876 | ||
| 005 | 20250616141106.0 | ||
| 010 |
_a978-5-85536-538-2 _9100 |
||
| 021 |
_aRU _b2011-45619 _93239 |
||
| 035 | _a(nilc)RSL-KNO-004959727 | ||
| 035 | _a(NLR Aleph) 001777597 | ||
| 090 |
_a1677120 _c1677120 |
||
| 100 | _a20110621d2011 |||y0rusy50 ca | ||
| 101 | 0 | _arus | |
| 102 | _aRU | ||
| 105 | _aa ||||||||| | ||
| 200 | 1 |
_aИсторический процесс становления ветеринарии _eучебное пособие _e[для студентов высших учебных заведений по специальности 111201 - "Ветеринария", по специальности 110501 - "Ветеринарно-санитарная экспертиза"] _fИ.С. Федоренко, В.Д. Кочарян _gМ-во сел. хоз-ва Рос. Федерации, Деп. науч.-технол. политики и образования, ФГОУ ВПО "Волгогр. гос. с.-х. акад." |
|
| 210 |
_aВолгоград _cВолгоградская ГСХА _d2011 |
||
| 215 |
_a111 с. _cил., портр., факс. _d20 |
||
| 320 | _aБиблиогр.: с. 107-109 (30 назв.) | ||
| 606 | 1 |
_aВетеринария _jУчебные издания для высших учебных заведений _xИстория _91263224 _3RU\NLR\auth\66201341 |
|
| 686 |
_aП8г(0)я7 _2rubbk |
||
| 686 | _aП8г.я73 | ||
| 700 | 1 |
_aФедоренко _bИ. С. _gИгорь Сергеевич _4070 |
|
| 701 | 1 |
_aКочарян _bВ. Д. _gВалентина Даниловна _4070 |
|
| 801 | 0 |
_aRU _bRuMoRKP _c20110621 _grcr |
|
| 801 | 1 |
_aRU _bРГБ _c20110621 |
|
| 801 | 2 |
_aRU _bNLR _c20110708 _grcr |
|
| 830 | _aАвт. по кн. | ||
| 942 | _cBOOK | ||
| 980 | _aNB | ||
| 980 | _aNBR | ||